[Event "Portoroz op 10th"]
[Site "Portoroz"]
[Date "2016.07.27"]
[Round "6"]
[White "Monticone, Sonia"]
[Black "Skreno, Vladimir"]
[Result "0-1"]
[WhiteElo "1940"]
[BlackElo "2183"]
[PlyCount "50"]
[EventDate "2016.07.23"]
[EventType "swiss"]
[EventRounds "9"]
[EventCountry "SLO"]
[SourceTitle "CBM 173 Extra"]
[Source "ChessBase"]
[SourceDate "2016.08.29"]
[SourceVersion "1"]
[SourceVersionDate "2016.08.29"]
[SourceQuality "1"]

1. c4 Nf6 2. Nc3 g6 3. d4 d6 4. e4 Bg7 5. Be2 Nbd7 6. Bg5 c6 7. Qd2 h6 8. Be3 e5 9. d5 c5 10. g4 Nf8 11. f3 g5 12. Bd1 Ng6 13. Nge2 Nf4 14. Ba4+ Bd7 15. Bxd7+ Qxd7 16. Ng3 h5 17. Nf5 Bf8 18. Bxf4 exf4 19. Nb5 a6 20. Qc3 axb5 21. Qxf6 Rg8 22. gxh5 bxc4 23. Kf2 Be7 24. Qc3 b5 25. h6 f6 0-1

[Event "Robecchetto op-A 26th"]
[Site "Robecchetto"]
[Date "2015.07.26"]
[Round "4"]
[White "Paleologu, Vladimir"]
[Black "Monticone, Sonia"]
[Result "1-0"]
[WhiteElo "2080"]
[BlackElo "1895"]
[PlyCount "77"]
[EventDate "2015.07.24"]
[EventType "swiss"]
[EventRounds "5"]
[EventCountry "ITA"]
[SourceTitle "EXT 2016"]
[Source "ChessBase"]
[SourceDate "2015.10.08"]
[SourceVersion "1"]
[SourceVersionDate "2015.10.08"]
[SourceQuality "1"]

1. e4 c5 2. Nc3 e6 3. g3 d5 4. exd5 exd5 5. d4 cxd4 6. Nb5 a6 7. Nxd4 Nc6 8. Be3 Nf6 9. Bg2 Be7 10. Nge2 h6 11. 0-0 0-0 12. c3 Qd7 13. Nb3 Qf5 14. Nf4 Be6 15. Nc5 d4 16. Ncxe6 dxe3 17. Nxf8 exf2+ 18. Kh1 g5 19. N8g6 fxg6 20. Qb3+ Kh8 21. Qxb7 Rb8 22. Qxc6 gxf4 23. b4 fxg3 24. Qc7 Re8 25. Qxg3 Ne4 26. Bxe4 Qxe4+ 27. Qg2 Bh4 28. Rad1 Qxg2+ 29. Kxg2 Re6 30. Rxf2 Bxf2 31. Kxf2 Kg7 32. c4 Kf6 33. Kf3 g5 34. c5 h5 35. h3 Kf5 36. Rd5+ Kf6 37. a3 Rc6 38. h4 g4+ 39. Kf4 1-0

[Event "Milan Crespi op-C 35th"]
[Site "Milan"]
[Date "2014.12.08"]
[Round "7"]
[White "Monticone, Sonia"]
[Black "Valdettaro, Filippo"]
[Result "1-0"]
[WhiteElo "1902"]
[BlackElo "1750"]
[PlyCount "99"]
[EventDate "2014.12.04"]
[EventType "swiss"]
[EventRounds "7"]
[EventCountry "ITA"]
[SourceTitle "EXT 2017"]
[Source "ChessBase"]
[SourceDate "2016.10.25"]
[SourceVersion "1"]
[SourceVersionDate "2016.10.25"]
[SourceQuality "1"]

1. c4 Nf6 2. Nc3 g6 3. e4 d6 4. d4 Bg7 5. Be2 0-0 6. Bg5 Nbd7 7. Qd2 c5 8. d5 Re8 9. g4 Nb6 10. f3 e6 11. h4 exd5 12. cxd5 a6 13. h5 Nbd7 14. hxg6 fxg6 15. Nh3 b5 16. Nf4 Ne5 17. Ne6 Bxe6 18. dxe6 Rxe6 19. a4 Nc4 20. Qc1 Rb8 21. axb5 axb5 22. Nxb5 Nb6 23. Bf4 Ne8 24. Bh6 Bf6 25. Bf4 Bg7 26. Kf2 Qf6 27. Nc3 Qe7 28. Qf1 Rd8 29. Nd5 Nxd5 30. exd5 Bd4+ 31. Ke1 Bxb2 32. Ra2 Bc3+ 33. Kd1 Qb7 34. Kc2 Rxe2+ 35. Qxe2 Bg7 36. Qe6+ Qf7 37. Qxf7+ Kxf7 38. Ra7+ Kg8 39. g5 Rb8 40. Re1 Kf8 41. Re6 c4 42. Bxd6+ Nxd6 43. Rxd6 c3 44. Rc6 Rb2+ 45. Kd3 Rb8 46. Rac7 Kg8 47. Rc8+ Rxc8 48. Rxc8+ Kf7 49. Rc7+ Kg8 50. Ke4 1-0

[Event "Omegna op-A 2nd"]
[Site "Omegna"]
[Date "2014.08.10"]
[Round "4"]
[White "Monticone, Sonia"]
[Black "Vezzosi, Paolo"]
[Result "0-1"]
[WhiteElo "1866"]
[BlackElo "2274"]
[PlyCount "72"]
[EventDate "2014.08.08"]
[EventType "swiss"]
[EventRounds "5"]
[EventCountry "ITA"]
[SourceTitle "EXT 2024"]
[Source "ChessBase"]
[SourceDate "2023.10.10"]
[SourceVersion "1"]
[SourceVersionDate "2023.10.10"]
[SourceQuality "1"]

1. c4 e5 2. Nc3 d6 3. Nf3 Nf6 4. e3 Be7 5. d4 Nbd7 6. Be2 0-0 7. 0-0 Re8 8. b4 c6 9. d5 c5 10. a3 a5 11. bxc5 Nxc5 12. a4 Bf8 13. Ba3 Nfd7 14. Qc2 g6 15. Ne4 b6 16. Bxc5 bxc5 17. Rfb1 Nb8 18. Nc3 Na6 19. Ne1 Nb4 20. Qd2 e4 21. Nc2 Bg7 22. Ra3 h5 23. Nb5 Be5 24. f4 exf3 25. Bxf3 Qh4 26. g3 Qxc4 27. Nxb4 axb4 28. Rc1 Qxb5 29. axb5 Rxa3 30. Bd1 Bd7 31. b6 Rb8 32. Bc2 Rxb6 33. Rf1 Bh3 34. Rb1 b3 35. Be4 c4 36. Qc1 Ra4 0-1

[Event "Biella op-B 4th"]
[Site "Biella"]
[Date "2013.09.28"]
[Round "2"]
[White "Monticone, Sonia"]
[Black "Guerini, Silvia"]
[Result "0-1"]
[WhiteElo "1870"]
[BlackElo "1777"]
[PlyCount "92"]
[EventDate "2013.09.27"]
[EventType "swiss"]
[EventRounds "5"]
[EventCountry "ITA"]
[SourceTitle "EXT 2015"]
[Source "ChessBase"]
[SourceDate "2014.11.20"]
[SourceVersion "1"]
[SourceVersionDate "2014.11.20"]
[SourceQuality "1"]

1. e4 c6 2. Nc3 d5 3. Nf3 dxe4 4. Nxe4 Nd7 5. Bc4 e6 6. d4 Ngf6 7. Nxf6+ Nxf6 8. 0-0 h6 9. a4 a5 10. Ne5 Bd6 11. f4 0-0 12. Kh1 Qc7 13. Qe2 c5 14. dxc5 Bxc5 15. c3 b6 16. Bd2 Bb7 17. Nxf7 Rxf7 18. Bxe6 Re8 19. Bxf7+ Kxf7 20. Qc4+ Bd5 21. Qb5 Qb7 22. Rg1 Ne4 23. Be1 Nf2+ 24. Bxf2 Bxf2 25. Rad1 Bc6 26. Qh5+ Kg8 27. Qg6 Bxg1 28. Kxg1 Qe7 29. Qd3 Kh8 30. b3 Qh4 31. Qd2 Qg4 32. h3 Qh5 33. Re1 Rxe1+ 34. Qxe1 Qd5 35. Qg3 Qxb3 36. f5 Qd5 37. Qg6 Qe4 38. Qg3 Qxf5 39. Qb8+ Kh7 40. Qxb6 Qd5 41. Qb1+ Qe4 42. Qxe4+ Bxe4 43. Kf2 Bc6 44. g4 Kg6 45. h4 Bxa4 46. Ke3 Bd7 0-1

[Event "Novara op 2nd"]
[Site "Novara"]
[Date "2012.11.03"]
[Round "2"]
[White "Monticone, Sonia"]
[Black "Stella, Andrea"]
[Result "0-1"]
[WhiteElo "1861"]
[BlackElo "2454"]
[PlyCount "68"]
[EventDate "2012.11.02"]
[EventType "swiss"]
[EventRounds "5"]
[EventCountry "ITA"]
[SourceTitle "EXT 2013"]
[Source "ChessBase"]
[SourceDate "2012.11.22"]
[SourceVersion "1"]
[SourceVersionDate "2012.11.22"]
[SourceQuality "1"]

1. e4 e6 2. d4 d5 3. Nd2 Nc6 4. Ngf3 Nf6 5. e5 Nd7 6. Be2 f6 7. exf6 Qxf6 8. Nf1 Bd6 9. Ne3 0-0 10. 0-0 Qg6 11. c4 Nf6 12. a3 a5 13. Bd2 Bd7 14. Rb1 a4 15. Bc3 Bf4 16. Bd3 Qh6 17. Re1 Bxe3 18. Rxe3 Ng4 19. Re1 e5 20. h3 Nxf2 21. Kxf2 e4 22. Bxe4 dxe4 23. Rxe4 Bf5 24. Re1 Bxb1 25. Qxb1 Qh4+ 26. Kg1 Rxf3 27. gxf3 Qg3+ 28. Kh1 Qxh3+ 29. Kg1 Qg3+ 30. Kh1 Qxf3+ 31. Kh2 Qf2+ 32. Kh1 Qh4+ 33. Kg2 Qg4+ 34. Kh2 Nxd4 0-1

[Event "ITA-ch (Women) 39th"]
[Site "Acqui Terme"]
[Date "2012.07.24"]
[Round "2"]
[White "Monticone, Sonia"]
[Black "Arnetta, Maria Teresa"]
[Result "0-1"]
[WhiteElo "1882"]
[BlackElo "2013"]
[PlyCount "74"]
[EventDate "2012.07.23"]
[EventType "swiss"]
[EventRounds "8"]
[EventCountry "ITA"]
[SourceTitle "EXT 2023"]
[Source "ChessBase"]
[SourceDate "2022.10.05"]
[SourceVersion "1"]
[SourceVersionDate "2022.10.05"]
[SourceQuality "1"]

1. e4 c5 2. Nf3 Nc6 3. d4 cxd4 4. Nxd4 e5 5. Nb5 d6 6. N1c3 a6 7. Na3 b5 8. Nd5 Nge7 9. c4 Nxd5 10. exd5 Nd4 11. cxb5 Qh4 12. Bd3 Bg4 13. Qa4 Bd7 14. Qa5 Be7 15. bxa6 0-0 16. Be3 e4 17. Bc4 Nf5 18. Qd2 Nxe3 19. Qxe3 Bf6 20. Rb1 Bg5 21. Qg3 Qh6 22. b4 e3 23. h4 exf2+ 24. Kxf2 Bf4 25. Qc3 Be5 26. Qf3 Qd2+ 27. Qe2 Qd4+ 28. Kf1 Bg4 29. Qf2 Qc3 30. Rb3 Qc1+ 31. Qe1 Qh6 32. b5 Bd4 33. Be2 Rfe8 34. Rf3 Bxf3 35. gxf3 Rac8 36. Kg2 Qe3 37. Nc4 Qxe2+ 0-1

[Event "Milan op 02"]
[Site "Milan"]
[Date "2012.02.19"]
[Round "6"]
[White "Petrone, Gianmario"]
[Black "Monticone, Sonia"]
[Result "0-1"]
[WhiteElo "1933"]
[BlackElo "1871"]
[PlyCount "94"]
[EventDate "2012.02.15"]
[EventType "swiss"]
[EventRounds "6"]
[EventCountry "ITA"]
[SourceTitle "EXT 2014"]
[Source "ChessBase"]
[SourceDate "2013.11.20"]
[SourceVersion "1"]
[SourceVersionDate "2013.11.20"]
[SourceQuality "1"]

1. e4 c5 2. Nf3 e6 3. d4 cxd4 4. Nxd4 a6 5. Nc3 Qc7 6. Bd3 Nf6 7. 0-0 Be7 8. Be3 0-0 9. a4 d6 10. f4 Nbd7 11. Qe1 b6 12. Qg3 g6 13. Be2 Nc5 14. Bf3 Bb7 15. e5 Nfe4 16. Nxe4 Nxe4 17. Bxe4 Bxe4 18. c3 h5 19. f5 exf5 20. Ne6 h4 21. Nxc7 hxg3 22. Nxa8 gxh2+ 23. Kxh2 Rxa8 24. Bxb6 dxe5 25. c4 Kg7 26. Rad1 Bg5 27. a5 Rc8 28. Rc1 Bxc1 29. Rxc1 Bd3 30. c5 Bb5 31. Rd1 e4 32. Rd8 Rxd8 33. Bxd8 f6 34. Kg3 g5 35. Kf2 f4 36. Bc7 Kg6 37. g3 Kf5 38. gxf4 gxf4 39. Bb6 Kg4 40. c6 Bxc6 41. Bd4 e3+ 42. Ke1 Bb5 43. b4 Kg3 44. Bc5 Kf3 45. Bd4 f5 46. Bf6 Ke4 47. Bh4 f3 0-1

[Event "Milan Crespi op-B 31th"]
[Site "Milan"]
[Date "2010.12.05"]
[Round "3"]
[White "Monticone, Sonia"]
[Black "Colica, Daniele"]
[Result "1/2-1/2"]
[WhiteElo "1827"]
[BlackElo "1753"]
[PlyCount "58"]
[EventDate "2010.12.04"]
[EventType "swiss"]
[EventRounds "7"]
[EventCountry "ITA"]
[SourceTitle "EXT 2024"]
[Source "ChessBase"]
[SourceDate "2023.10.10"]
[SourceVersion "1"]
[SourceVersionDate "2023.10.10"]
[SourceQuality "1"]

1. c4 Nf6 2. Nc3 e5 3. g3 c6 4. d4 Qb6 5. dxe5 Ng4 6. e3 Nxe5 7. Nf3 d6 8. Nxe5 dxe5 9. Bg2 Be6 10. b3 Nd7 11. Bb2 Be7 12. 0-0 0-0 13. Qe2 f5 14. Rfd1 Rad8 15. Bh3 Nc5 16. e4 f4 17. Bxe6+ Nxe6 18. Rxd8 Qxd8 19. Qg4 Nd4 20. Ne2 Nxe2+ 21. Qxe2 fxg3 22. hxg3 Bc5 23. Rf1 Qg5 24. Kg2 Rd8 25. Bc1 Qf6 26. Rh1 Rd4 27. f3 Rd7 28. Rd1 Rxd1 29. Qxd1 Bd4 1/2-1/2

[Event "Biella op 1st"]
[Site "Biella"]
[Date "2010.09.25"]
[Round "2"]
[White "Aghayev, Miragha"]
[Black "Monticone, Sonia"]
[Result "1-0"]
[WhiteElo "2101"]
[BlackElo "1827"]
[PlyCount "65"]
[EventDate "2010.09.24"]
[EventType "swiss"]
[EventRounds "5"]
[EventCountry "ITA"]
[SourceTitle "EXT 2024"]
[Source "ChessBase"]
[SourceDate "2023.10.10"]
[SourceVersion "1"]
[SourceVersionDate "2023.10.10"]
[SourceQuality "1"]

1. e4 c5 2. Nf3 e6 3. d4 cxd4 4. Nxd4 a6 5. Bd3 Nf6 6. 0-0 Qc7 7. Kh1 Bc5 8. Nb3 Be7 9. f4 d6 10. c4 Bd7 11. Nc3 Bc6 12. Nd4 Bd7 13. Be3 Nc6 14. Rc1 Nxd4 15. Bxd4 Bc6 16. Nd5 exd5 17. cxd5 Qd7 18. dxc6 bxc6 19. Bc2 Rc8 20. e5 dxe5 21. fxe5 Nd5 22. Bf5 Qd8 23. Bxc8 Qxc8 24. Qa4 0-0 25. Qxc6 Qd8 26. Bc5 Nb4 27. Bxb4 Bxb4 28. Qxa6 Qg5 29. e6 f5 30. Rc8 h5 31. Qc4 Be7 32. Rxf8+ Kxf8 33. Qc8+ 1-0

[Event "Condino op"]
[Site "Condino"]
[Date "2009.08.01"]
[Round "7"]
[White "Monticone, Sonia"]
[Black "Pandini, Giuseppe"]
[Result "1-0"]
[WhiteElo "1805"]
[BlackElo "1715"]
[PlyCount "85"]
[EventDate "2009.07.27"]
[EventType "swiss"]
[EventRounds "7"]
[EventCountry "ITA"]
[SourceTitle "CBM 131 Extra"]
[Source "ChessBase"]
[SourceDate "2009.09.03"]
[SourceVersion "2"]
[SourceVersionDate "2009.09.16"]
[SourceQuality "1"]

1. c4 b6 2. Nc3 e6 3. d4 Bb7 4. Nf3 Nf6 5. e3 Bb4 6. a3 Be7 7. Bd3 0-0 8. 0-0 d6 9. e4 Nfd7 10. Bf4 c5 11. e5 dxe5 12. dxe5 Nc6 13. Qe2 a6 14. Rad1 Qc7 15. Bb1 Rfd8 16. Ng5 Nf8 17. Nf3 Rxd1 18. Rxd1 Rd8 19. Bd3 Nd4 20. Nxd4 cxd4 21. Ne4 Ng6 22. Bg3 Nxe5 23. Qh5 f5 24. Ng5 Bxg5 25. Qxg5 h6 26. Bxe5 hxg5 27. Bxc7 Rd7 28. Bxb6 g6 29. Re1 Kf7 30. c5 Re7 31. Bd8 Re8 32. Bxg5 e5 33. Bc4+ Kg7 34. Rd1 Rc8 35. b4 Kh8 36. f4 exf4 37. Rxd4 f3 38. Bd5 Bxd5 39. Rxd5 fxg2 40. Rd8+ Rxd8 41. Bxd8 Kg8 42. Bc7 Kf7 43. Bf4 1-0